000 01061nam0a22002771 4500
001 rc\4070142
005 20250610233931.0
021 _aRU
_b[53-11459]
035 _a(NLR Aleph) 007965041
090 _a8424096
_c8424096
100 _a20130415d1953 |||y0rusy50 ca
101 0 _arus
102 _aRU
105 _ay z |||||
200 1 _aКиносценарии
_f[Предисл. И. Рачука]
210 _aМосква
_cГоскиноиздат
_d1953
215 _a231 с.
_d23
327 0 _aСодерж: Георгий Скандербег; Академик Иван Павлов; Быковцы. (Родные поля)
464 0 _12001#$aГеоргий Скандербег$aАкадемик Иван Павлов$aБыковцы. (Родные поля)
_tБыковцы. (Родные поля)
700 1 _aПапава
_bМ.Г.
_f1906-1975
_gМихаил Григорьевич
702 1 _aРачук
_bИ.
_4080
801 0 _aRU
_bNLR
_gpsbo
801 1 _aRU
_bELAR
_2rusmarc
852 _aNLR
_jИс70 Г-5/99
942 _cBOOK
980 _aNB